000 00836nam a2200253 4500
003 OSt
005 20240608031828.0
006 a
008 240608b |||||||| |||| 00| 0 eng d
020 _a9781856177078
040 _aDWCL-Main lib.
_cOC
082 _2first edition
_aCirc. 005.133 D733d 2011
100 _aDouglass, Bruce Powel
245 _aDesign patterns for embedded systems in C : an embedded software engineering toolkit /
250 _afirst edition
260 _aOxford ; Burlington, MA :
_bNewnes/Elsevier,
_cc2011.
300 _axix,
_b450 p. : ill. ;
_c24 cm.
504 _aIncludes appendix.
650 _a1. C (Computer program language).
650 _a2. Embedded computer systems–Programming.
650 _a3. Software patterns.
700 _aBruce Powel Douglass
942 _2ddc
_n0
_cBK-CIRC
_kCirc.
999 _c405
_d405